Statistics for Who Starred in that Movie Quiz #8

Click here to take the quiz!

General Stats

  • This quiz has been taken 29,856 times
    (11,018 since last reset)
  • The average score is 11 of 22

Answer Stats

MoviesStar% Correct
Big, Forrest Gump, Saving Private RyanTom Hanks
97%
Predator, Total Recall, The TerminatorArnold Schwarzenegger
97%
Ocean's Eleven, Up in the Air, Michael ClaytonGeorge Clooney
78%
Out of Africa, The Devil Wears Prada, The HoursMeryl Streep
76%
About a Boy, Four Weddings and a Funeral, Notting HillHugh Grant
72%
Drive, The Notebook, La La LandRyan Gosling
69%
Twins, Batman Returns, Romancing the StoneDanny Devito
66%
Waiting, Green Lantern, The ProposalRyan Reynolds
63%
Top Gun, The Saint, Real GeniusVal Kilmer
48%
The Mummy, Crash, The Quiet AmericanBrendan Fraser
48%
Clueless, Batman & Robin, Blast from the PastAlicia Silverstone
48%
Skyfall, Philomena, GoldenEyeJudi Dench
47%
Fight Club, Harry Potter and the Deathly Hallows, Sweeney ToddHelena Bonham Carter
40%
It's a Wonderful Life, Vertigo, Mr. Smith Goes to WashingtonJames Stewart
39%
The Last King of Scotland, Platoon, Repo MenForest Whitaker
36%
The Deer Hunter, Catch Me If You Can, Pulp FictionChristopher Walken
32%
The Addams Family, Sleepy Hollow, MonsterChristina Ricci
31%
Role Models, American Pie, Dude Where's My Car?Seann William Scott
30%
Heartbreakers, I Know What You Did Last Summer, Can't Hardly WaitJennifer Love Hewitt
29%
L.A. Confidential, Batman, 8 MileKim Basinger
28%
Hero, The Expendables, The OneJet Li
25%
The Mummy, Enemy at the Gates, Runaway JuryRachel Weisz
25%

Score Distribution

Percentile by Number Answered

Percent of People with Each Score

Your Score History

You have not taken this quiz since the last reset